Riconosci il Pokémon - Quiz n°373 - Statistics

Statistiche generali
  • Questo quiz è stato fatto 1 volte
  • Il punteggio medio è 9 su 10
Statistiche sulle risposte
Indizio Risposta % Corretto
Altezza 0,6 m
100%
Tasso di cattura 30 (8.8%)
100%
Peso 81,0 kg
100%
Tipo Acciaio
100%
Tasso di allevamento Medio-Lento
100%
Abilità Più; Meno; Corpochiaro
100%
Generazione Quinta
100%
Sesso Sconosciuto
100%
Stadio evoluzione Seconda evoluzione
100%
Pokémon Klinklang
0%
Nessun quiz corrispondente trovato
Distribuzione punteggi
Percentuale di utenti per punteggio
Percentile per numero di risposta
I tuoi punteggi nel tempo
Non hai fatto questo quiz